Central Library OPAC University of Rajshahi

বাংলা সাহিত্যে প্রমথ চৌধুরী / (Record no. 42607)

MARC details
000 -LEADER
fixed length control field 00861nam a2200217 a 4500
001 - CONTROL NUMBER
control field 42607
003 - CONTROL NUMBER IDENTIFIER
rucl marc code BD-RjUL
005 - DATE AND TIME OF LATEST TRANSACTION
control field 20211209053550.0
008 - FIXED-LENGTH DATA ELEMENTS--GENERAL INFORMATION
fixed length control field 160614s1969 ii ||||| |||| 00| 0 eng d
035 ## - SYSTEM CONTROL NUMBER
System control number (BD-RjUL)42725
040 ## - CATALOGING SOURCE
Original cataloging agency BD-RjUL
Language of cataloging ben
Transcribing agency BD-RjUL
041 ## - LANGUAGE CODE
Language code of text/sound track or separate title ben
082 ## - DEWEY DECIMAL CLASSIFICATION NUMBER
Edition number 23
Classification number 891.4409
Author mark and year RAB 1969
100 ## - MAIN ENTRY--PERSONAL NAME
Personal name রায়, রবীন্দ্রনাথ
9 (RLIN) 130989
245 10 - TITLE STATEMENT
Title বাংলা সাহিত্যে প্রমথ চৌধুরী /
Statement of responsibility, etc. রবীন্দ্রনাথ রায়
260 ## - PUBLICATION, DISTRIBUTION, ETC. (IMPRINT)
Place of publication, distribution, etc. কলিকাতা :
Name of publisher, distributor, etc. জিজ্ঞাসা,
Date of publication, distribution, etc. ১৯৬৯
300 ## - PHYSICAL DESCRIPTION
Pagination ৩৩৫ পৃ. ;
Size ২১ সেমি.
650 ## - SUBJECT ADDED ENTRY--TOPICAL TERM
Topical term or geographic name as entry element বাংলা সাহিত্য
Form subdivision ইতিহাস ও সমালোচনা
9 (RLIN) 117445
Topical term or geographic name as entry element Bengali literature
Form subdivision History and criticism
9 (RLIN) 130990
942 ## - ADDED ENTRY ELEMENTS (KOHA)
Source of classification or shelving scheme Dewey Decimal Classification
Koha item type Books
Holdings
Lost status Source of classification or shelving scheme Damaged status Not for loan Collection code Permanent Location Current Location Shelving location Date acquired Total Checkouts Full call number Date last seen Date checked out Copy number Koha item type Source of acquisition Cost, normal purchase price
  Dewey Decimal Classification     Non-fiction Central Library, University of Rajshahi Central Library, University of Rajshahi   01/09/1981 4 B 891.4409 RAB 1969 02/02/2025 01/12/2024 C-2 Books    
  Dewey Decimal Classification     Non-fiction Central Library, University of Rajshahi Central Library, University of Rajshahi   23/05/1973 4 B 891.4409 RAB 1969 07/08/2025 27/07/2025 C-3 Books Uttorbanga Library : Rajshahi 12.00
  Dewey Decimal Classification     Non-fiction Central Library, University of Rajshahi Central Library, University of Rajshahi   11/11/1974 5 B 891.4409 RAB 1969 26/08/2025 18/08/2025 C-4 Books johanthan wren and co. 12.00